000 00348pam a2200157a 44500
008 230515b2000 xxu||||| |||| 00| 0 eng d
020 _aNULL
041 _aENGL
082 _a/CHA
100 _aCHAVAN D. K.
245 _aELEMENTS OF MECHANICAL ENGINEERING
250 _aN.D.
260 _aNULL
_bTECHN
_c2000
300 _aPB
650 _aNULL
999 _c659293
_d659293